LDR 00929naa#a2200169#i#450# 001 RU\\bibl\126712 005 20260630044156.2 011 ## _a2223-9987 100 ## _a20260629b2026####ek#y0rusy0150####ca 102 ## _aRU 200 1# _aИнтеллектуальные системы учета потерь тепловой энергии _eЖурнальная статья 210 1# _aСанкт-Петербург _cФГБОУ ВО "Петербургский государственный университет путей сообщения Императора Александра I" _d2026 215 ## _a10 с. 608 ## _aЖурнальная статья _2local 675 ## _aОбщая энергетика. 620.9 _aЭнергосистемы в целом. Электростанции и подстанции. Электрофикация и сети. 621.311 _z 700 #1 _aРыжова _gЕлена Львовна 856 4# _aatjournal.ru _u